Statistics for Capitals of 1-st level subdivisions in Germany from north to south

Click here to take the quiz!

General Stats

  • This quiz has been taken 20 times
  • The average score is 16 of 16

Answer Stats

Latitude (DD)Answer% Correct
552.51Berlin
100%
453.08Bremen
100%
1051.05Dresden
100%
951.23Düsseldorf
100%
353.55Hamburg
100%
752.37Hannover
100%
154.32Kiel
100%
1648.14München
100%
1449.24Saarbrücken
100%
1548.78Stuttgart
100%
1150.98Erfurt
94%
1350.00Mainz
94%
652.40Potsdam
94%
852.12Magdeburg
89%
253.63Schwerin
89%
1250.08Wiesbaden
89%

Score Distribution

Percentile by Number Answered

Percent of People with Each Score

Your Score History

You have not taken this quiz